100 παραδοσιακοί σκοποί & τραγούδια από τα Δωδεκάνησα
Αποθηκεύτηκε σε:
| Κύριος συγγραφέας: | |
|---|---|
| Μορφή: | Βιβλίο |
| Γλώσσα: | Greek |
| Δημοσίευση: |
Ρόδος :
ΜΕΚΤΟ Δήμου Καλλιθέας Ρόδου,
2001.
|
| Θέματα: | |
| Ετικέτες: |
Προσθήκη ετικέτας
Δεν υπάρχουν, Καταχωρήστε ετικέτα πρώτοι!
|
MARC
| LEADER | 00000cam a2200000 i 4500 | ||
|---|---|---|---|
| 001 | 1/34706 | ||
| 008 | 030319s2001 gr | ||| |||| ||gre|| | ||
| 020 | |a 9607638557 | ||
| 035 | |l 10069745 | ||
| 040 | |a GR-MY-UA |b gre |e aacr | ||
| 041 | 0 | |a gre | |
| 082 | 7 | |a 782.42162 |2 (22) | |
| 245 | 0 | 0 | |a 100 παραδοσιακοί σκοποί & τραγούδια από τα Δωδεκάνησα / |c διασκευασμένα από τον Γιώργο Μαλωίνα. |
| 246 | 3 | 3 | |a Εκατό παραδοσιακοί σκοποί και τραγούδια από τα Δωδεκάνησα. |
| 260 | |a Ρόδος : |b ΜΕΚΤΟ Δήμου Καλλιθέας Ρόδου, |c 2001. | ||
| 300 | |a 154 σ. : |b εικ. ; |c 30 εκ. | ||
| 650 | 0 | 0 | |a Songs, Greek |z Greece |z Dodecanese Islands. |
| 650 | 0 | 0 | |a Folk songs |z Greece |z Dodecanese Islands. |
| 700 | 1 | |a Μαλωίνας, Γιώργος, |e adp | |
| 852 | |a INST |b RHODES |e 20030319 |h 782.42162 ΜΑΛ |p 005400020570 |q 005400020570 |t BK |y 0 | ||
| 901 | |a BIBL4-2003-1 | ||
| 909 | |a Ρ |b 101697 | ||
| 970 | |a Κουλακιότη |b Λίτσα |z 2003/03/19 | ||